000 00505cam a2200193 4500
001 D6592
008 090401t1981 xxu||||| |||| 00| 0 eng d
035 _a(Sirsi) u1744
041 _aeng
050 _a694.62
100 _aLea, R. Geraldine
245 _aIn situ treatment for existing window joinery
260 _aGarston, Watford
_bBuilding Research Establishment
_c1981
300 _a3p. ill. 30cm
350 _a0
490 _aBRE Information Paper
_v21/81
942 _n0
948 _c04/03/1997
999 _c85692
_d85692